[Event "Mechanics' Winter TNM; G/2 d5"]
[Site "San Francisco"]
[Date "2018.01.09"]
[Round "1.34"]
[White "Capdeville, Barry"]
[Black "Singh, Amitoj"]
[Result "0-1"]
[WhiteElo "1173"]
[BlackElo "1710"]
[PlyCount "66"]
[EventDate "2018.??.??"]
[Source "ChessBase"]
[SourceDate "2007.09.04"]

1. e4 e5 2. Nf3 Nc6 3. Bb5 a6 4. Ba4 Nf6 5. d3 Bc5 6. O-O d6 7. h3 Bd7 8. c3
Bb6 9. Bg5 h6 10. Bh4 g5 11. Bg3 Nh5 12. Bh2 Nf4 13. Bxf4 gxf4 14. Nh2 Qg5 15.
Qf3 O-O-O 16. Bd1 Rdg8 17. Kh1 f5 18. Nd2 Ne7 19. Rg1 h5 20. exf5 Nxf5 21. Ne4
Qg6 22. g3 Bc6 23. Be2 fxg3 24. Rg2 Bxf2 25. Qxf2 gxf2 26. Rxg6 Rxg6 27. Nf3
Ng3+ 28. Nxg3 Rxg3 29. Kh2 Rhg8 30. Nh4 Rg2+ 31. Nxg2 Rxg2+ 32. Kh1 Rg1+ 33.
Kh2 Rxa1 0-1

[Event "Mechanics' Bedjanian TNM; G/2 d/5"]
[Site "San Francisco"]
[Date "2018.12.11"]
[Round "8.39"]
[White "Capdeville, Barry"]
[Black "Tabatabai, Ashkon"]
[Result "1-0"]
[WhiteElo "1218"]
[BlackElo "1115"]
[PlyCount "43"]
[EventDate "2018.??.??"]
[Source "ChessBase"]
[SourceDate "2007.09.04"]

1. e4 e5 2. Nf3 Nc6 3. Bb5 Bc5 4. c3 Nge7 5. d4 exd4 6. cxd4 Bb4+ 7. Nc3 a6 8.
Ba4 d5 9. e5 O-O 10. O-O Bg4 11. Qd3 f6 12. Bc2 Bf5 13. Qe2 Ng6 14. Bxf5 Nce7
15. Bxg6 Nxg6 16. exf6 Qxf6 17. Nxd5 Qd6 18. Qc4 c5 19. Nb6+ Kh8 20. Nxa8 Rxa8
21. Ng5 Rf8 22. Nf7+ 1-0

[Event "Mechanics' Summer TNM; G/2 d/5"]
[Site "San Francisco"]
[Date "2018.06.12"]
[Round "3.45"]
[White "Capdeville, Barry"]
[Black "Temple, Jason Todd"]
[Result "0-1"]
[WhiteElo "1200"]
[BlackElo "1404"]
[PlyCount "42"]
[EventDate "2018.??.??"]
[Source "ChessBase"]
[SourceDate "2007.09.04"]

1. e4 c6 2. d4 d5 3. e5 Bf5 4. Bd3 Qd7 5. Nf3 g6 6. O-O Bxd3 7. Qxd3 Qf5 8. Qe2
Bh6 9. Nh4 Qe4 10. Qxe4 dxe4 11. Nc3 f5 12. f4 exf3 13. Nxf3 e6 14. Ng5 Kd7 15.
Nf7 Bxc1 16. Raxc1 Nh6 17. Nxh8 Ke7 18. Nxg6+ hxg6 19. Rf3 g5 20. Rh3 Nf7 21.
Ne2 Nd7 {Black went on to win this position. Remaining moves unavailable.} 0-1

[Event "Mechanics' Winter TNM; G/2 d5"]
[Site "San Francisco"]
[Date "2018.01.23"]
[Round "3.47"]
[White "Capdeville, Barry"]
[Black "Touset, Stephen Ka"]
[Result "1-0"]
[WhiteElo "1173"]
[BlackElo "1574"]
[Annotator "Donaldson"]
[PlyCount "31"]
[EventDate "2018.??.??"]
[Source "ChessBase"]
[SourceDate "2007.09.04"]

1. e4 e5 2. Nf3 Qf6 $6 3. Nc3 Bc5 (3... c6) 4. Be2 d6 (4... c6) 5. Nd5 Qd8 6.
d3 Ne7 (6... c6) 7. Bg5 Nbc6 8. b4 $6 Bd4 $2 (8... Bxb4+ 9. Nxb4 Nxb4 10. d4 f6
{is fine for Black.}) 9. Nxd4 exd4 10. b5 Qd7 ({Something like} 10... f6 {or})
(10... h6 11. Bh4 g5 {had to be tried, but wouldn't solve Black's problems.})
11. bxc6 bxc6 12. Nxe7 Ba6 13. Nf5 O-O 14. Bg4 d5 15. Nh6+ gxh6 16. Bxd7 {
and White went on to win.} 1-0

[Event "Mechanics' Spring TNM; G/2 d5"]
[Site "San Francisco"]
[Date "2018.04.17"]
[Round "5.41"]
[White "Capdeville, Barry"]
[Black "Touset, Stephen Ka"]
[Result "0-1"]
[WhiteElo "1173"]
[BlackElo "1574"]
[Annotator "Winslow,Elliott"]
[PlyCount "76"]
[EventDate "2018.??.??"]
[Source "ChessBase"]
[SourceDate "2007.09.04"]

1. e4 d6 2. d4 Nf6 3. Nc3 e5 4. d5 Be7 5. Nf3 h6 6. Be2 Nbd7 7. b4 c6 (7... a5)
8. Qd3 Qc7 9. O-O Nf8 10. Nh4 g5 11. Nf5 Ng6 12. Ng7+ Kf8 13. Nf5 Nf4 14. Bxf4
gxf4 15. Nxe7 Qxe7 16. Bf3 h5 (16... cxd5) 17. Rae1 $6 (17. dxc6 $1 bxc6 18.
Rfd1) 17... Ng4 (17... cxd5) (17... a5) (17... Bg4) 18. h3 Qh4 $4 (18... Nf6) (
18... Rg8) 19. Bxg4 $2 ({White is winning after} 19. dxc6 bxc6 20. Qxd6+ ({
Even better is the pow-sitional} 20. b5 $1)) 19... hxg4 20. Kh2 $6 (20. dxc6
Rh6 $3 21. Nb5 (21. c7 Bd7) 21... f3 {is a crumbling wall}) 20... g3+ $4 {
One of those "almost anything is winning -- almost!" positions.} (20... Rh6 $1
{Don't forget defense!}) 21. fxg3 $16 fxg3+ ({
For a moment I thought this was brilliant, White falls apart after} 21... Bxh3
{except for} 22. gxh4) 22. Qxg3 Qxg3+ 23. Kxg3 Ke7 24. Nd1 $2 {
Any rook improvement was a clear advantage.} cxd5 25. exd5 f5 {These pawns are
so strong -- and White's so weak -- that Black has the plus now.} 26. Kh2 Bd7
27. c4 b6 $2 (27... a5 $1 $15 {is the way to shut down White's queenside.}) 28.
Nc3 $2 (28. c5 $1 $14) 28... Rac8 29. Nb5 Rxc4 30. Nxa7 Rxb4 $6 {[#]} (30...
Rc2 $1 31. Nc6+ Kf6 $1 $19 {Black can be patient.}) 31. Rc1 $6 (31. Rxf5 $3 {
isn't as good as it looks at first --} Rxh3+ $1 32. gxh3 (32. Kxh3 Bxf5+) (32.
Kg1 Ra3) 32... Rb2+ 33. Kg3 Bxf5 {
and Black might still win, but White has counterchances.}) 31... f4 (31... Rb2)
32. Rc7 Rb2 33. Nc6+ Ke8 34. Nb8 $4 (34. Kg1 Rxa2 35. Rf2 $17) 34... Rxh3+ {
Quite good --} ({But} 34... Bxh3 $1 {is impending mate!}) 35. Kg1 Rh7 (35...
Rg3 $1) 36. Rf2 $2 Rb1+ 37. Rf1 Rxf1+ 38. Kxf1 Bb5+ 0-1

[Event "Mechanics' Shipman TNM; G/2 d/5"]
[Site "San Francisco"]
[Date "2018.09.18"]
[Round "7.29"]
[White "Carron, Joel"]
[Black "Boldi, Nicholas Ar"]
[Result "0-1"]
[WhiteElo "1449"]
[BlackElo "1544"]
[Annotator "Winslow,Elliott"]
[PlyCount "74"]
[EventDate "2018.??.??"]
[Source "ChessBase"]
[SourceDate "2007.09.04"]

1. e4 e6 2. d4 d5 3. exd5 exd5 4. Nf3 Nf6 5. c4 Bb4+ 6. Bd2 Bxd2+ 7. Nbxd2 Bg4
8. Be2 Nc6 9. Ne5 Bxe2 10. Nxc6 Bxd1 11. Nxd8 Rxd8 12. Rxd1 O-O 13. O-O Rfe8
14. c5 c6 15. Rfe1 Ne4 16. Re2 Nxd2 17. Rdxd2 Rxe2 18. Rxe2 Kf8 19. Re3 Re8 20.
Kf1 Rxe3 21. fxe3 Ke7 22. Ke2 g5 23. Kf3 f5 24. a4 Kf6 25. b4 a6 26. h3 h6 27.
g4 fxg4+ $2 {[#]} 28. Kxg4 $4 (28. hxg4 Ke6 {Black can hold} (28... Kg6 $2 29.
e4)) 28... Kg6 (28... Ke6 29. Kh5 Kf5 30. a5 (30. Kxh6 g4 31. hxg4+ Kxg4 32.
Kg6 Kf3 33. Kf5 Kxe3 34. Ke5 Kd3) 30... Ke4 31. Kxh6 Kxe3 32. Kxg5 Kxd4 33. h4
Kc4 34. h5 d4 35. h6 d3 36. h7 d2 37. h8=Q d1=Q {
White queened first, but Black wins}) 29. Kf3 (29. e4 $5 dxe4 30. d5 h5+ 31.
Kg3 Kf7 32. d6 h4+ $1 33. Kf2 g4 34. hxg4 h3 35. g5 h2 36. Kg2 e3 37. g6+ Kxg6
38. d7 e2 39. d8=Q h1=Q+ 40. Kxh1 e1=Q+ $19 {Close!}) 29... Kf5 30. Kg3 h5 31.
Kf3 g4+ 32. hxg4+ hxg4+ 33. Kg3 Ke4 34. Kxg4 Kxe3 35. Kf5 Kxd4 36. Ke6 Kc4 37.
Kd6 Kxb4 0-1

[Event "Mechanics' Shipman TNM; G/2 d/5"]
[Site "San Francisco"]
[Date "2018.09.04"]
[Round "5.33"]
[White "Carron, Joel"]
[Black "Cohee, James"]
[Result "1-0"]
[WhiteElo "1449"]
[BlackElo "1633"]
[PlyCount "93"]
[EventDate "2018.??.??"]
[Source "ChessBase"]
[SourceDate "2007.09.04"]

1. e4 c5 2. Nf3 d6 3. d4 cxd4 4. Nxd4 Nf6 5. Nc3 a6 6. Be2 e6 7. O-O Be7 8. f4
Qc7 9. Nf3 Nc6 10. Bd3 b5 11. a3 Bb7 12. f5 O-O 13. Ng5 h6 14. Nh3 Ne5 15. fxe6
fxe6 16. Nf4 Nxd3 17. cxd3 Bc8 18. Ng6 Re8 19. Qf3 Bb7 20. Nxe7+ Qxe7 21. Bxh6
Rf8 22. Bg5 Rac8 23. Qe2 e5 24. Bxf6 Rxf6 25. Rxf6 Qxf6 26. Rf1 Qe6 27. Qf2 Rd8
28. Qf5 Qe7 29. Rf3 Rf8 30. Qxf8+ Qxf8 31. Rxf8+ Kxf8 32. Kf2 Kf7 33. g4 Bc8
34. Kg3 Be6 35. Nd5 Bxd5 36. exd5 Kg6 37. h4 a5 38. Kf3 Kf6 39. Ke4 Kg6 40. b3
Kf6 41. a4 b4 42. d4 exd4 43. Kxd4 Kg6 44. Kc4 Kf6 45. Kb5 Ke5 46. Kxa5 Kxd5
47. Kb5 1-0

[Event "Mechanics' Bedjanian TNM; G/2 d/5"]
[Site "San Francisco"]
[Date "2018.12.04"]
[Round "7.27"]
[White "Carron, Joel"]
[Black "Cortese, Chris"]
[Result "0-1"]
[WhiteElo "1456"]
[BlackElo "1656"]
[Annotator "Winslow,Elliott"]
[PlyCount "92"]
[EventDate "2018.??.??"]
[Source "ChessBase"]
[SourceDate "2007.09.04"]

1. e4 e5 2. Nf3 Nc6 3. Bc4 Nf6 4. Nc3 $6 (4. d4 exd4 5. e5) (4. d4 exd4 5. O-O
Nxe4 6. Re1 d5 7. Bxd5) (4. Ng5 d5 5. exd5 Nxd5 6. Nxf7 (6. d4)) (4. Ng5 d5 5.
exd5 Na5 6. Bb5+ c6 7. dxc6 bxc6 8. Bd3 (8. Qf3) (8. Be2)) (4. d3) 4... Nxe4 5.
Bxf7+ Kxf7 6. Nxe4 h6 7. d3 d5 8. Nc3 Bg4 9. h3 Bh5 $2 (9... Be6) 10. Nxe5+
Nxe5 11. Qxh5+ Ng6 12. Qxd5+ Qxd5 13. Nxd5 Re8+ 14. Ne3 Bc5 15. O-O Re6 16. Bd2
Nf4 17. Rfe1 Rg6 18. g3 Nxh3+ 19. Kg2 Nf4+ 20. Kf1 Ne6 21. Nc4 Rf6 22. Ne5+ Ke7
23. Be3 Bd6 24. d4 Kd8 25. c4 c6 26. a3 Rhf8 27. Re2 Kc8 28. b4 Bb8 29. Kg2 Rd8
30. Rd2 Bc7 31. Rad1 Rf5 32. f4 g5 33. Ng6 Rf6 34. Ne5 $4 (34. f5 $18) 34...
gxf4 35. gxf4 Nxf4+ $17 36. Bxf4 Rxf4 37. Kh3 Bxe5 $6 38. dxe5 Rxd2 39. Rxd2
Rxc4 (39... Re4) 40. Re2 Rc3+ $4 (40... Kd7 $19) 41. Kg4 Rxa3 $11 42. e6 $2 (
42. Rd2) (42. Rh2) (42. Kf5) (42. Rf2) (42. Kf4) (42. Rg2) 42... Kd8 43. Kf5
Ke7 44. Ke5 Rd3 45. Kf5 Rf3+ 46. Kg4 Rf6 0-1

[Event "Mechanics' Summer TNM; G/2 d/5"]
[Site "San Francisco"]
[Date "2018.06.19"]
[Round "4.45"]
[White "Carron, Joel"]
[Black "Cunningham, Charles"]
[Result "1-0"]
[WhiteElo "1382"]
[BlackElo "1403"]
[PlyCount "84"]
[EventDate "2018.??.??"]
[Source "ChessBase"]
[SourceDate "2007.09.04"]

1. e4 e5 2. Nf3 Nc6 3. Bc4 d6 4. h3 Nf6 5. Nc3 h6 6. a3 a6 7. O-O Bxh3 8. gxh3
Qd7 9. Kh2 g5 10. Nd5 Be7 11. Nxf6+ Bxf6 12. Rg1 O-O-O 13. d3 Nd4 14. Nxd4 exd4
15. Qg4 Be5+ 16. Kh1 f5 17. Qxf5 Qxf5 18. exf5 Rdf8 19. Be6+ Kd8 20. Rg4 Rh7
21. f4 Bf6 22. fxg5 hxg5 23. Kg2 Rh5 24. Bd2 c5 25. Ba5+ Ke7 26. Re1 Be5 27.
Bd2 Kf6 28. c3 Rfh8 29. Rh1 R8h7 30. cxd4 Bxd4 31. Bc3 Bxc3 32. bxc3 b5 33. Kg3
a5 34. h4 gxh4+ 35. Rhxh4 d5 36. Rxh5 Rxh5 37. Rg6+ Ke5 38. d4+ cxd4 39. cxd4+
Kxd4 40. f6 Ke5 41. f7 Rh8 42. Rg8 Kxe6 1-0

[Event "Mechanics' Summer TNM; G/2 d/5"]
[Site "San Francisco"]
[Date "2018.07.03"]
[Round "6.23"]
[White "Carron, Joel"]
[Black "Nyangar, Enkhmaa"]
[Result "0-1"]
[WhiteElo "1382"]
[BlackElo "1732"]
[PlyCount "61"]
[EventDate "2018.??.??"]
[Source "ChessBase"]
[SourceDate "2007.09.04"]

1. e4 c5 2. Nf3 Nc6 3. Bb5 a6 4. Bxc6 dxc6 5. O-O f5 6. e5 e6 7. d4 cxd4 8.
Qxd4 Qxd4 9. Nxd4 Bc5 10. c3 Ne7 11. Be3 Ba7 12. Nd2 Nd5 13. Rfe1 f4 14. Nc4
fxe3 15. Nd6+ Kd7 16. fxe3 c5 17. Nf3 b5 18. c4 bxc4 19. Rad1 Ke7 20. Nxc4 Bb7
21. Ng5 h6 22. Ne4 Rad8 23. Ned6 Ba8 24. Rd2 Nb6 25. Rf1 Rhf8 26. Rdf2 Rxf2 27.
Rxf2 Rf8 28. Rd2 Nxc4 29. Nxc4 Bd5 30. b3 Bxc4 31. bxc4 0-1

[Event "Mechanics' Summer TNM; G/2 d/5"]
[Site "San Francisco"]
[Date "2018.07.17"]
[Round "8.28"]
[White "Carron, Joel"]
[Black "Olson, David"]
[Result "1/2-1/2"]
[WhiteElo "1382"]
[BlackElo "1400"]
[PlyCount "42"]
[EventDate "2018.??.??"]
[Source "ChessBase"]
[SourceDate "2007.09.04"]

1. e4 c5 2. Nf3 Nc6 3. d4 cxd4 4. Nxd4 Nf6 5. Nc3 a6 6. Nxc6 bxc6 7. Bc4 e6 8.
Bg5 Be7 9. e5 Nd5 10. Bxe7 Qxe7 11. Bxd5 cxd5 12. O-O O-O 13. f4 g5 14. Qg4 Kh8
15. Qxg5 Qc5+ 16. Kh1 Rg8 17. Qf6+ Rg7 18. Rf3 Bb7 19. Rg3 Rag8 20. h4 Qf2 21.
Rxg7 Rxg7 1/2-1/2

[Event "Mechanics' Bedjanian TNM; G/2 d/5"]
[Site "San Francisco"]
[Date "2018.11.13"]
[Round "4.27"]
[White "Carron, Joel"]
[Black "Perlov, Alexander"]
[Result "1/2-1/2"]
[WhiteElo "1456"]
[BlackElo "1689"]
[Annotator "Winslow,Elliott"]
[PlyCount "87"]
[EventDate "2018.??.??"]
[Source "ChessBase"]
[SourceDate "2007.09.04"]

1. e4 d5 2. exd5 Qxd5 3. Nc3 Qa5 4. Nf3 Nf6 5. d4 Bg4 6. h3 Bh5 7. Be2 Nc6 8.
O-O O-O-O 9. Be3 Bg6 10. a3 Ne4 11. Nxe4 Bxe4 12. c3 e6 13. Ng5 Bg6 14. b4 Qf5
15. Qa4 h6 16. Nf3 Qc2 17. Qxc2 Bxc2 18. b5 Ne7 19. Ne5 Bg6 20. c4 Nf5 21. Nxg6
fxg6 22. Rfd1 Be7 23. d5 exd5 24. Rxd5 Nxe3 25. fxe3 Rxd5 26. cxd5 Bc5 27. Kf2
Rf8+ (27... Re8 28. Bg4+) 28. Bf3 Re8 29. Re1 Bxa3 30. e4 Bc5+ 31. Kf1 Re5 32.
Ke2 h5 33. Kd3 Kd7 34. Be2 Rg5 35. Bf3 Kd6 36. Kc4 Re5 37. Re2 Bg1 38. Re1 Bc5
39. Re2 Bg1 40. Re1 Bb6 41. Re2 a5 42. bxa6 bxa6 43. Ra2 a5 44. Kb5 1/2-1/2

[Event "Mechanics' Shipman TNM; G/2 d/5"]
[Site "San Francisco"]
[Date "2018.08.21"]
[Round "3.34"]
[White "Carron, Joel"]
[Black "Sherwood, Peter"]
[Result "0-1"]
[WhiteElo "1449"]
[BlackElo "1639"]
[PlyCount "58"]
[EventDate "2018.??.??"]
[Source "ChessBase"]
[SourceDate "2007.09.04"]

1. e4 c5 2. Nf3 d6 3. d4 cxd4 4. Nxd4 Nf6 5. Nc3 a6 6. Bc4 e6 7. O-O Be7 8. Bb3
O-O 9. Be3 Nc6 10. f4 Qc7 11. Nxc6 bxc6 12. a3 Bb7 13. f5 d5 14. exd5 exd5 15.
Na4 c5 16. Ba2 Qc6 17. Qf3 Qxa4 18. Qg3 Rac8 19. Rf4 Qd7 20. Rh4 Qxf5 21. Rf1
Qg6 22. Qh3 Rcd8 23. c3 Bc8 24. Qf3 Bg4 25. Qg3 Bf5 26. Qe5 Be4 27. Rxe4 Qxe4
28. Qg3 Rfe8 29. Qh3 Qg4 0-1

[Event "Mechanics' Summer TNM; G/2 d/5"]
[Site "San Francisco"]
[Date "2018.06.05"]
[Round "2.37"]
[White "Carron, Joel"]
[Black "Sherwood, Peter"]
[Result "0-1"]
[WhiteElo "1382"]
[BlackElo "1625"]
[PlyCount "118"]
[EventDate "2018.??.??"]
[Source "ChessBase"]
[SourceDate "2007.09.04"]

1. e4 c5 2. Nf3 d6 3. Nc3 Nc6 4. d4 cxd4 5. Nxd4 Nf6 6. Be2 g6 7. O-O Bg7 8.
Nxc6 bxc6 9. Bg5 O-O 10. Qd2 Qc7 11. Bh6 Rb8 12. Bxg7 Kxg7 13. Rab1 Bb7 14. Bd3
d5 15. exd5 cxd5 16. h3 a6 17. Rfe1 Rfe8 18. Ne2 e5 19. Ng3 Rbc8 20. Nf5+ Kh8
21. Qh6 Rg8 22. Ne3 e4 23. Bf1 Qc6 24. c3 g5 25. Nf5 Rg6 26. Ne7 Rxh6 27. Nxc6
Rxc6 28. Rbd1 Rb6 29. Rd2 a5 30. b3 Ba6 31. c4 dxc4 32. bxc4 Rc6 33. Rc1 Ng8
34. Rd5 Rhg6 35. Rxa5 Ne7 36. Re5 Rce6 37. Ra5 h6 38. Ra3 Rc6 39. Rac3 Rc5 40.
f3 Re6 41. Re3 f5 42. fxe4 Rxe4 43. Rec3 Kg7 44. a4 Kf6 45. Kh2 Nc6 46. g4 f4
47. Rb3 Na5 48. Rb6+ Re6 49. Rxe6+ Kxe6 50. Re1+ Re5 51. Rb1 Kf6 52. Rb6+ Re6
53. Rb8 Bxc4 54. Bxc4 Nxc4 55. Rb5 Ra6 56. Rf5+ Kg6 57. Rc5 Ne3 58. a5 Kf6 59.
Rb5 Nc4 0-1

[Event "Mechanics' Shipman TNM; G/2 d/5"]
[Site "San Francisco"]
[Date "2018.08.28"]
[Round "4.15"]
[White "Casares Jr, Nick"]
[Black "Anderson, Michael"]
[Result "0-1"]
[WhiteElo "1600"]
[BlackElo "1903"]
[PlyCount "60"]
[EventDate "2018.??.??"]
[Source "ChessBase"]
[SourceDate "2007.09.04"]

1. e4 c5 2. Nf3 e6 3. d4 cxd4 4. Nxd4 a6 5. a4 Nf6 6. Bg5 Qa5+ 7. Qd2 Bb4 8. c3
Be7 9. f3 Nxe4 10. fxe4 Bxg5 11. Qf2 Nc6 12. b4 Qc7 13. Nd2 Nxd4 14. cxd4 Qc3
15. Rd1 Be3 16. Qe2 Bxd4 17. Qc4 O-O 18. Rc1 Qe3+ 19. Qe2 d5 20. Qxe3 Bxe3 21.
e5 Bf4 22. Bd3 Bxe5 23. O-O Bd7 24. Nf3 Bd6 25. Ng5 g6 26. h4 Bxa4 27. h5 Bb5
28. hxg6 hxg6 29. Rf3 Bxd3 30. Rh3 Bf4 0-1

[Event "Mechanics' Bedjanian TNM; G/2 d/5"]
[Site "San Francisco"]
[Date "2018.12.11"]
[Round "8.32"]
[White "Casares Jr, Nick"]
[Black "Ansari, Jahaan"]
[Result "0-1"]
[WhiteElo "1600"]
[BlackElo "882"]
[PlyCount "98"]
[EventDate "2018.??.??"]
[Source "ChessBase"]
[SourceDate "2007.09.04"]

1. e4 e6 2. d4 d5 3. e5 c5 4. c3 Nc6 5. Nf3 Qb6 6. a3 Bd7 7. Be2 Rc8 8. O-O
cxd4 9. cxd4 Nge7 10. b4 Nf5 11. Bb2 a5 12. b5 Na7 13. a4 Bb4 14. Na3 O-O 15.
Nc2 Bc3 16. Bxc3 Rxc3 17. Qd2 Rfc8 18. Rfc1 h6 19. h3 Qd8 20. Ra3 Rxa3 21. Nxa3
Rxc1+ 22. Qxc1 Qc8 23. Qd2 Qd8 24. Nc2 b6 25. Kh2 Nh4 26. Nxh4 Qxh4 27. g3 Qd8
28. Ne1 Nc8 29. f4 Ne7 30. Nf3 Ng6 31. h4 Nf8 32. h5 f5 33. exf6 Qxf6 34. Qc3
Be8 35. Ne5 Qf5 36. Qf3 Qc2 37. Kh3 Qxa4 38. Ng6 Bxb5 39. Ne7+ Kh8 40. Qg4 Bxe2
41. Ng6+ Nxg6 42. Qxg6 Bxh5 43. Qxh5 Qd7 44. Qe5 Qe8 45. g4 a4 46. f5 a3 47.
fxe6 a2 48. Qe1 b5 49. e7 b4 0-1

[Event "Mechanics' Winter TNM; G/2 d5"]
[Site "San Francisco"]
[Date "2018.01.16"]
[Round "2.16"]
[White "Casares Jr, Nick"]
[Black "Argo, Guy"]
[Result "0-1"]
[WhiteElo "1600"]
[BlackElo "1951"]
[PlyCount "60"]
[EventDate "2018.??.??"]
[Source "ChessBase"]
[SourceDate "2007.09.04"]

1. e4 e5 2. f4 d5 3. exd5 c6 4. Nf3 e4 5. Qe2 cxd5 6. d4 Nc6 7. h3 Be7 8. Ne5
Nxd4 9. Qf2 Nf5 10. Bb5+ Kf8 11. O-O Qa5 12. Nc3 d4 13. Nc4 e3 14. Qf3 Qd8 15.
Ne4 a6 16. Ba4 Nh4 17. Qe2 b5 18. Bxe3 dxe3 19. Rad1 Qc7 20. Ne5 bxa4 21. Kh2
f6 22. Ng5 fxg5 23. fxg5+ Ke8 24. Qxe3 Ng6 25. g3 Nxe5 26. Rd5 Bd6 27. Qf2 Ne7
28. Rxe5 Bxe5 29. Qf7+ Kd8 30. Qd5+ Nxd5 0-1

[Event "Mechanics' Spring TNM; G/2 d5"]
[Site "San Francisco"]
[Date "2018.05.08"]
[Round "8.17"]
[White "Casares Jr, Nick"]
[Black "Babayan, Gagik"]
[Result "0-1"]
[WhiteElo "1600"]
[BlackElo "1718"]
[PlyCount "60"]
[EventDate "2018.??.??"]
[Source "ChessBase"]
[SourceDate "2007.09.04"]

1. e4 e6 2. d4 d5 3. e5 c5 4. c3 Qb6 5. Nf3 Nc6 6. a3 c4 7. Be2 Bd7 8. Nbd2 Na5
9. b4 cxb3 10. Bb2 Ba4 11. O-O Ne7 12. c4 dxc4 13. Bxc4 Nd5 14. Rc1 Be7 15. Ne4
Nxc4 16. Rxc4 Bb5 17. Qxb3 Bxc4 18. Qxc4 Qxb2 19. Qa4+ b5 20. Qa6 O-O 21. Nd6
Nc3 22. Qb7 Bxd6 23. exd6 Qxa3 24. d7 Qd6 25. Ne5 Ne2+ 26. Kh1 Nxd4 27. f4 f5
28. Rc1 Qd5 29. Qc7 Ne2 30. Qc8 Nxc1 0-1

[Event "Mechanics' Spring TNM; G/2 d5"]
[Site "San Francisco"]
[Date "2018.03.27"]
[Round "2.35"]
[White "Casares Jr, Nick"]
[Black "Baer, Michael Alan"]
[Result "0-1"]
[WhiteElo "1600"]
[BlackElo "1385"]
[PlyCount "102"]
[EventDate "2018.??.??"]
[Source "ChessBase"]
[SourceDate "2007.09.04"]

1. e4 g6 2. d4 d6 3. f4 Bg7 4. Be2 Nf6 5. Nc3 a6 6. h3 b5 7. a3 Bb7 8. Bf3 Nbd7
9. Be3 O-O 10. Qd2 c5 11. d5 Rc8 12. Nge2 Nb6 13. b3 Nfd7 14. Rb1 Qc7 15. O-O
b4 16. axb4 cxb4 17. Na2 a5 18. Rfc1 Ba6 19. c4 bxc3 20. Nexc3 Qb7 21. Na4
Rxc1+ 22. Qxc1 Rc8 23. Qd1 Nc5 24. Nxb6 Qxb6 25. b4 axb4 26. Nxb4 Rb8 27. Qd2
Qb5 28. Kh2 Qc4 29. Qe1 Bc3 30. Bd2 Bxd2 31. Qxd2 Nb3 32. Qf2 Rxb4 33. Qa7 Rb7
34. Qa8+ Kg7 35. Bd1 Qd3 36. Rxb3 Rxb3 37. Bxb3 Qxb3 38. Qxa6 Qe3 39. Qa1+ f6
40. Qb1 Qxf4+ 41. Kg1 h5 42. Qd3 h4 43. Kh1 g5 44. Qf3 Kg6 45. Kg1 Qxf3 46.
gxf3 f5 47. exf5+ Kxf5 48. Kf2 Ke5 49. Ke3 Kxd5 50. f4 gxf4+ 51. Kxf4 Kc4 0-1

[Event "Mechanics' Summer TNM; G/2 d/5"]
[Site "San Francisco"]
[Date "2018.07.17"]
[Round "8.27"]
[White "Casares Jr, Nick"]
[Black "Boldi, Nicholas"]
[Result "0-1"]
[WhiteElo "1600"]
[BlackElo "1491"]
[PlyCount "42"]
[EventDate "2018.??.??"]
[Source "ChessBase"]
[SourceDate "2007.09.04"]

1. e4 e6 2. d4 d5 3. e5 c5 4. c3 Nc6 5. Nf3 Qb6 6. a3 Bd7 7. Be2 Nge7 8. b4
cxd4 9. cxd4 Nf5 10. Be3 a5 11. b5 Na7 12. a4 Nxe3 13. fxe3 Bb4+ 14. Kf2 Rc8
15. Rf1 O-O 16. Kg1 Rc7 17. Nbd2 Rc3 18. Kf2 Rfc8 19. Nb1 Rc2 20. Kg1 h6 21.
Ne1 Rc1 0-1

[Event "Mechanics' Summer TNM; G/2 d/5"]
[Site "San Francisco"]
[Date "2018.06.05"]
[Round "2.38"]
[White "Casares Jr, Nick"]
[Black "Boldt, Tim"]
[Result "0-1"]
[WhiteElo "1600"]
[BlackElo "1337"]
[PlyCount "90"]
[EventDate "2018.??.??"]
[Source "ChessBase"]
[SourceDate "2007.09.04"]

1. e4 e6 2. d4 d5 3. e5 c5 4. c3 Qb6 5. Nf3 Bd7 6. Be2 cxd4 7. Nxd4 Bc5 8. O-O
Nc6 9. a3 Nxd4 10. b4 Nxe2+ 11. Qxe2 Bf8 12. Be3 Qc7 13. Bd4 Nh6 14. Nd2 Nf5
15. f4 Nxd4 16. cxd4 Qb6 17. Qf2 Be7 18. Nf3 O-O 19. h3 f6 20. Qh4 Rf7 21. g4
fxe5 22. Qh5 exd4 23. Ne5 Be8 24. Nxf7 Bxf7 25. Qe5 Bf6 26. Qe1 d3+ 27. Kh1
Bxa1 28. Qxa1 Qe3 29. Kg2 Rc8 30. Rf3 Rc2+ 31. Kg3 Qe2 32. Qg1 b6 33. Re3 Qd2
34. Rf3 Rc1 35. Qd4 Qe1+ 36. Kg2 Rc2+ 37. Rf2 Rxf2+ 38. Qxf2 Qxf2+ 39. Kxf2 Bg6
40. Ke3 d4+ 41. Kd2 Kf7 42. f5 exf5 43. Kxd3 f4+ 44. Kxd4 Ke6 45. h4 h5 0-1

[Event "Mechanics' Summer TNM; G/2 d/5"]
[Site "San Francisco"]
[Date "2018.07.03"]
[Round "6.30"]
[White "Casares Jr, Nick"]
[Black "Cole, Tony"]
[Result "1-0"]
[WhiteElo "1600"]
[BlackElo "1400"]
[PlyCount "43"]
[EventDate "2018.??.??"]
[Source "ChessBase"]
[SourceDate "2007.09.04"]

1. e4 e6 2. d4 d5 3. e5 Nc6 (3... c5) 4. Nf3 Bd7 5. Be2 Qe7 6. c3 f6 7. O-O
O-O-O 8. b4 Nb8 9. a4 b6 10. b5 Qe8 11. Qb3 c6 12. c4 dxc4 13. Bxc4 c5 14. Be3
Nh6 15. dxc5 bxc5 16. Nc3 Kb7 17. a5 Ka8 18. Ne4 Rc8 19. a6 Nc6 20. bxc6 Rb8
21. cxd7 Qxd7 22. Qa3 1-0

[Event "Mechanics' Summer TNM; G/2 d/5"]
[Site "San Francisco"]
[Date "2018.06.19"]
[Round "4.46"]
[White "Casares Jr, Nick"]
[Black "Cowgill, Jackie"]
[Result "1-0"]
[WhiteElo "1600"]
[BlackElo "1099"]
[PlyCount "71"]
[EventDate "2018.??.??"]
[Source "ChessBase"]
[SourceDate "2007.09.04"]

1. e4 e5 2. Nf3 Nc6 3. Bc4 Be7 4. d4 d6 5. h3 Nf6 6. Nc3 O-O 7. a3 Bd7 8. O-O
a6 9. b4 Re8 10. Ng5 Rf8 11. Nf3 b5 12. Ba2 h6 13. Re1 Re8 14. Bb2 Bf8 15. Nb1
Ne7 16. dxe5 dxe5 17. Nxe5 Be6 18. Bd4 Bxa2 19. Rxa2 Qc8 20. c4 Qe6 21. Qe2 Nc6
22. Nxc6 Qxc6 23. f3 bxc4 24. Rc1 Qd7 25. Qxc4 Nh5 26. Rac2 Nf4 27. Rd1 Qd6 28.
Nc3 Qg6 29. Qf1 Nxh3+ 30. Kh2 Qh5 31. gxh3 Be7 32. Qg2 g6 33. Nd5 Bd6+ 34. e5
Bxe5+ 35. Bxe5 Qxe5+ 36. f4 1-0

[Event "Mechanics' Shipman TNM; G/2 d/5"]
[Site "San Francisco"]
[Date "2018.09.18"]
[Round "7.35"]
[White "Casares Jr, Nick"]
[Black "Cunningham, Charles"]
[Result "1-0"]
[WhiteElo "1600"]
[BlackElo "1418"]
[PlyCount "35"]
[EventDate "2018.??.??"]
[Source "ChessBase"]
[SourceDate "2007.09.04"]

1. e4 e5 2. Nf3 Bc5 3. Bc4 Nc6 4. b4 Bxb4 5. c3 Ba5 6. d4 exd4 7. Qb3 Qe7 8.
O-O dxc3 9. Nxc3 Bxc3 10. Qxc3 f6 11. Bf4 d6 12. Rfe1 Ne5 13. Bb3 Nxf3+ 14.
Qxf3 Qd8 15. Rad1 Ne7 16. e5 fxe5 17. Bxe5 Nf5 18. Bxg7+ 1-0